000 01029nam a2200265Ia 4500
003 OSt
005 20220923211553.0
006 a|||||r|||| 00| 0
007 ta
008 220922b |||||||| |||| 00| 0 san d
020 _a9789385161308 (hbk)
_c895
024 _a317,585
037 _b258, 24/02/2017, Eastern Book Linkers
_cTextual
040 _aARTS
_cARTS
_bsan
041 _2san
_asan
082 _aP1516:1, 152Q7
100 _aसंजय सिंह, ले.
245 0 _aअर्धमागधी और पालि
_b ध्वनि एवं रूपतात्विक विवेचना
246 _aArdhamāgadhī aur pāli: dhvani evan rūpatātvik vivechanā
260 _aनई दिल्ली
_b आयु पब्लिकेशनस
_c2017
300 _a166पृ0
_ccm.
650 _aभाषाशास्त्र
942 _hP1516:1, 152Q7
_cTEXL
_2CC
999 _c300854
_d300854